000 00343nam a2200121Ia 4500
005 20260326100039.0
008 260326s9999||||xx |||||||||||||| ||und||
100 _aEscovar Wilson-White, Alberto
245 0 _aGuía de Arquitectura de Cartagena /
_cAlberto Escovar Wilson-White
260 _bGamma
650 _aARQUITECTURA REGIONAL
942 _cBK
999 _c6936
_d6936